| 000 | 00505nam a22001817a 4500 | ||
|---|---|---|---|
| 005 | 20251108164122.0 | ||
| 008 | 250721s1981 xx 000 0 ara d | ||
| 082 | 1 | 4 | _a218,3/محم |
| 100 | 1 | _aشلتوت، محمود | |
| 245 | 1 | 0 | _aمنهج القرآن في بناء المجتمع / |
| 264 | 1 |
_aالقاهرة : _bدار الهلال، _c1981. |
|
| 300 | _a194ص | ||
| 490 | 0 | _aكتاب الهلال | |
| 650 | 1 | 7 | _aالإسلام |
| 650 | 1 | 7 | _aالمجتمع |
| 942 |
_2ddc _cBK |
||
| 999 |
_c4091 _d4091 |
||